| 000 | 00691nam a22001577a 4500 | ||
|---|---|---|---|
| 005 | 20251121114922.0 | ||
| 008 | 251113b ||||| |||| 00| 0 eng d | ||
| 020 | _a9781634259491 | ||
| 050 | _aKF1388.N665 | ||
| 245 |
_aNonprofit law: a practical guide to legal issues for nonprofit organizations / _cedited by Willard L. Boyd III. |
||
| 260 |
_aChicago : _bAmerican Bar Association, _c2017. |
||
| 300 |
_axiv, 144 p. : _c23 cm. |
||
| 500 | _aIncludes index. | ||
| 505 | _aContents: Introduction: some basic questions -- Formation of nonprofit organizations -- Tax issues for nonprofit corporations -- Governance -- Other matters arising in representation of a nonprofit. | ||
| 942 |
_2lcc _cBK |
||
| 999 |
_c10481 _d17981 |
||